<?xml version="1.0" encoding="UTF-8"?>
<collection xmlns:xsi="http://www.w3.org/2001/XMLSchema-instance" xsi:schemaLocation="http://www.loc.gov/MARC21/slim http://www.loc.gov/standards/marcxml/schema/MARC21slim.xsd" xmlns="http://www.loc.gov/MARC21/slim">
 <record>
  <leader>00000ctmaa22000003a 4500</leader>
  <controlfield tag="001">UP-1685675941123976017</controlfield>
  <controlfield tag="003">Buklod</controlfield>
  <controlfield tag="005">20260227163608.0</controlfield>
  <controlfield tag="006">a     r    |||| u|</controlfield>
  <controlfield tag="007">ta</controlfield>
  <controlfield tag="008">260227s2014    xx     d     |||| ||    |</controlfield>
  <datafield tag="035" ind1=" " ind2=" ">
   <subfield code="a">(iLib)UPTAC-00019475526</subfield>
  </datafield>
  <datafield tag="040" ind1=" " ind2=" ">
   <subfield code="a">UPVTC</subfield>
   <subfield code="e">rda</subfield>
  </datafield>
  <datafield tag="041" ind1="0" ind2=" ">
   <subfield code="a">eng</subfield>
  </datafield>
  <datafield tag="090" ind1=" " ind2="0">
   <subfield code="a">LG 993.5 2014 B5</subfield>
   <subfield code="b">A46</subfield>
  </datafield>
  <datafield tag="100" ind1="1" ind2=" ">
   <subfield code="a">Alonzo, Coleen O.</subfield>
   <subfield code="e">author.</subfield>
  </datafield>
  <datafield tag="245" ind1="1" ind2="0">
   <subfield code="a">Epiphytic diatoms on leaf blades of Enhalus acoroides in Cancabato Bay, Leyte, Philippines from March to April 2014</subfield>
   <subfield code="c">Coleen O. Alonzo; Leni G. Yap-Dejeto, adviser.</subfield>
  </datafield>
  <datafield tag="264" ind1=" " ind2="1">
   <subfield code="a">Tacloban City</subfield>
   <subfield code="b">Division of Natural Sciences and Mathematics, University of the Philippines Visayas Tacloban College</subfield>
   <subfield code="c">2014.</subfield>
  </datafield>
  <datafield tag="300" ind1=" " ind2=" ">
   <subfield code="a">ix, 45 leaves</subfield>
   <subfield code="b">illustrations</subfield>
   <subfield code="c">31 cm.</subfield>
  </datafield>
  <datafield tag="336" ind1=" " ind2=" ">
   <subfield code="a">text</subfield>
   <subfield code="2">rdacontent</subfield>
  </datafield>
  <datafield tag="337" ind1=" " ind2=" ">
   <subfield code="a">unmediated</subfield>
   <subfield code="2">rdamedia</subfield>
  </datafield>
  <datafield tag="338" ind1=" " ind2=" ">
   <subfield code="a">volume</subfield>
   <subfield code="2">rdacarrier</subfield>
  </datafield>
  <datafield tag="502" ind1=" " ind2=" ">
   <subfield code="a">Undergraduate thesis (Bachelor of Science in Biology) -- University of the Philippines, Tacloban.</subfield>
  </datafield>
  <datafield tag="506" ind1=" " ind2=" ">
   <subfield code="a">Available to the general public-YES.</subfield>
  </datafield>
  <datafield tag="506" ind1=" " ind2=" ">
   <subfield code="a">Available only after consultation with the author/adviser-NO.</subfield>
  </datafield>
  <datafield tag="506" ind1=" " ind2=" ">
   <subfield code="a">Available only for those bound by confidentiality agreement-NO.</subfield>
  </datafield>
  <datafield tag="520" ind1=" " ind2=" ">
   <subfield code="a">Epiphytic diatoms attach on seagrass blades which serve as their substrata. In return, these diatoms increase the primary productivity of the seagrass community. Sensitivity of these diatoms to environmental factors deemed it as good bioindicators of the marine environment. This is a pioneering study on epiphytic diatoms on seagrass blades, E. acoroides in Cancabato Bay. This study contributes to the growing knowledge of ecology of the epiphytes and their relationship to their E. acoroides hosts especially on the composition of epiphytic diatom genera,, their relative abundance and effect of Supertyphoon Haiyan to their densities. Ten mature E. acoroides blades were sampled from three stations in the bay. Diatoms were scraped from the leaves, identified and quantified. The genera of epiphytic diatoms identified were Amphora, Bacillaria, Cocconeis, Fragilaria, Leptocylindrus, Liicmophora, Navicula, Nitzschia, Rhizosolenia, and Skeletonema. There were no significant differences in dominating secondary and accompanying genera within stations of the bay. The most abundant genera in the bay were Cocconeis sp. (27%) and Nitzschia sp (23%). The mean total density of epiphytic diatoms on E. acoroides in the bay was 36 +/- 8.98 cells/cm squared.</subfield>
  </datafield>
  <datafield tag="650" ind1=" " ind2="0">
   <subfield code="a">Epiphytic diatoms</subfield>
   <subfield code="x">Enhalus acoroides</subfield>
   <subfield code="z">Philippines</subfield>
   <subfield code="z">Cancabato Bay, Leyte.</subfield>
  </datafield>
  <datafield tag="700" ind1="1" ind2=" ">
   <subfield code="a">Yap-Dejeto, Leni G.</subfield>
   <subfield code="e">adviser.</subfield>
  </datafield>
  <datafield tag="905" ind1=" " ind2=" ">
   <subfield code="a">UP</subfield>
  </datafield>
  <datafield tag="905" ind1=" " ind2=" ">
   <subfield code="a">FI</subfield>
  </datafield>
  <datafield tag="852" ind1="0" ind2=" ">
   <subfield code="a">UPTAC</subfield>
   <subfield code="b">UPTAC</subfield>
   <subfield code="h">LG 993.5 2014 B5</subfield>
   <subfield code="i">A466</subfield>
  </datafield>
  <datafield tag="942" ind1=" " ind2=" ">
   <subfield code="a">Thesis</subfield>
  </datafield>
 </record>
</collection>
